00985nam a22002777a 4500003000500000005001700005008004100022010001000063011001000073020001800083035001100101040000900112100003900121245015400160260007900314300003800393490002800431650002800459650003500487650002800522650003700550650002900587700003300616700003000649830002800679CHAP20220329143548.0100531s2008 mx a r 00010 spa d a98557 a99529 a9786074250794 a110215 cCHAP00aContreras Hinojosa, José Rafael.10aSugerencias para la fertilización orgánica del maízc/por José Rafael Contreras Hinojosa, Leodegario Osorio Alcala y Finlandia Barbosa Moreno aEtla, Oax. :bINIFAP. Campo Experimental Valles Centrales de Oaxaca,c2008 a52 p. :bilus., cuadros, gráfs. 0aFolleto técnicov; 1514aEstiércol como abono.14aEstiércol como fertilizante.14aFertilización foliar.14aFertilizantesxEfecto en maíz.14aMaízxFertilización.0 aOsorio Alcalá, Leodegario.1 aBarbosa Moreno, Finlandia0 aFolleto técnicov; 15